Thailand : Politics, economy and socio-cultural setting :A selective guide to the literature (Record no. 22177)

MARC details
000 -LEADER
fixed length control field 00371nam a2200121Ia 4500
082 ## - DEWEY DECIMAL CLASSIFICATION NUMBER
Classification number RR 016.30915943 THR
100 ## - MAIN ENTRY--AUTHOR NAME
Personal name Thrombley, Woodworth G.
245 #0 - TITLE STATEMENT
Title Thailand : Politics, economy and socio-cultural setting :A selective guide to the literature
260 ## - PUBLICATION, DISTRIBUTION, ETC. (IMPRINT)
Place of publication Indiana
Name of publisher Indiana University Press
Year of publication 1972
300 ## - PHYSICAL DESCRIPTION
Number of Pages 148p.
700 ## - ADDED ENTRY--PERSONAL NAME
Personal name Siffin, William J
942 ## - ADDED ENTRY ELEMENTS (KOHA)
Koha item type Books
Holdings
Withdrawn status Lost status Damaged status Not for loan Home library Current library Date acquired Full call number Accession Number Price effective from Koha item type
        NASSDOC Library NASSDOC Library 08/10/2004 RR 016.30915943 THR 6456 18/04/2019 Books